000 nkm a22 a 4500
999 _c209052
_d209052
003 BLK
005 20210216142008.0
008 180412b bul rap|r|||| r0| ||bulo|
010 _aKNG00087546000
020 _a978-954-500-188-8
040 _aBLK
041 _aENG
_cENG
080 _aХудожествено изработени тъкани, гоблени, килими и покривки
_b745.522
_x.071.1(497.2)(092)(084)
_z745.522.071.1(497.2)(092)(084)
080 _aБългарски художник приложник - декоративен текстил
_b929 Върбанов, Марин Иванов
_z929 Върбанов, Марин Иванов
100 1 _aVarbanov, Marin Ivanov
_eпърви автор
_9351699
139 _aVarbanov, Marin Ivanov
_bВ 97
_fV 29
_gВ 29
245 1 0 _aMarin Varbanov (1932 - 1989)
_cMarin Ivanov Varbanov; text by Nezabravka Ivanova; fotogr. Vyara Nikolova Kandjeva; fotogr. Antoniy Georgiev Handjiyski; transl. [от бълг.] Vladimir Pomakov; Марин Върбанов.
257 _aBGR
260 _bBorina
_c2008
_fCzech Republic
_aСофия
300 _a112 p.
_bill.
_c30X30 cm
380 _a7
600 1 4 _aВърбанов, Марин Иванов
_9387038
650 4 _aВърбанов, Марин Иванов
_9387038
650 4 _aХудожници, български - албуми
_9290224
650 4 _aХудожествена обработка на текстил - албуми
_9310305
650 4 _aПриложно и декоративно изкуство, българско - албуми
_9343730
653 _aМарин Върбанов
653 _aбългарски художници
653 _aприложни изкуства
653 _aдекоративно изкуство
653 _aтекстил
700 1 _aIvanova, Nezabravka
_etext by
_9351700
700 1 _aKandjeva, Vyara Nikolova
_efotogr.
_9373683
700 1 _aHandjiyski, Antoniy Georgiev
_efotogr.
_912318
700 1 _aPomakov, Vladimir
_etransl. [от бълг.]
_9373612
700 1 _aВърбанов, Марин
_9351701
852 _aЦб ІІ 27189
856 4 _qpdf
_u
856 4 _qpdf
_u
942 _cGRA
_n0
_s1
944 _aCR
_c28.01.2009
_kЛюдмила_Стоянова
944 _aED
_c11.02.2009
944 _aED
_c2021-02-16
_kВК
999 _d209052
999 _d209052